Statistics for Countries by Identifying Letter(s)

Click here to take the quiz!

General Stats

  • This quiz has been taken 23 times
  • The average score is 18 of 20

Answer Stats

LettersCountries% Correct
UNITEDSUnited States
100%
BOLBolivia
95%
BRUBrunei
95%
EQEquatorial Guinea
95%
ITItaly
95%
KIKiribati
95%
LIELiechtenstein
95%
PAPPapua New Guinea
95%
PEPeru
95%
SURSuriname
95%
TUNTunisia
95%
URUruguay
95%
YYemen
95%
EREritrea
90%
FRFrance
90%
GEO
Georgia
86%
RURussia
86%
VATVatican City
86%
ANTAntigua and Barbuda
81%
São Tomé and Príncipe
76%

Score Distribution

Percentile by Number Answered

Percent of People with Each Score

Your Score History

You have not taken this quiz